<?xml version="1.0" encoding="UTF-8"?>
<record
    xmlns:xsi="http://www.w3.org/2001/XMLSchema-instance"
    xsi:schemaLocation="http://www.loc.gov/MARC21/slim http://www.loc.gov/standards/marcxml/schema/MARC21slim.xsd"
    xmlns="http://www.loc.gov/MARC21/slim">

  <leader>01377na  a2200289   4500</leader>
  <controlfield tag="001">22649</controlfield>
  <controlfield tag="003">MIRAKIL</controlfield>
  <controlfield tag="005">20181213155202.0</controlfield>
  <controlfield tag="008">170221b        tu            000 0      </controlfield>
  <datafield tag="040" ind1=" " ind2=" ">
    <subfield code="a">Milas</subfield>
    <subfield code="b">tur</subfield>
    <subfield code="c">TR-AnCHP</subfield>
  </datafield>
  <datafield tag="041" ind1=" " ind2=" ">
    <subfield code="a">tur</subfield>
  </datafield>
  <datafield tag="082" ind1=" " ind2=" ">
    <subfield code="a">SODEP 324.172</subfield>
    <subfield code="b">S62 [1982-83]</subfield>
  </datafield>
  <datafield tag="090" ind1=" " ind2=" ">
    <subfield code="a">SODEP 324.172 S62 [1982-83]</subfield>
  </datafield>
  <datafield tag="110" ind1=" " ind2=" ">
    <subfield code="a">Sosyal Demokrasi Partisi (SODEP)</subfield>
  </datafield>
  <datafield tag="245" ind1=" " ind2=" ">
    <subfield code="a">[SODEP'in &#xE7;e&#x15F;itli rapor ve yay&#x131;nlar&#x131;] </subfield>
    <subfield code="c">SODEP</subfield>
  </datafield>
  <datafield tag="260" ind1=" " ind2=" ">
    <subfield code="a">Ankara</subfield>
    <subfield code="b">SODEP</subfield>
    <subfield code="c">[1983-1984]</subfield>
  </datafield>
  <datafield tag="300" ind1=" " ind2=" ">
    <subfield code="a">c.</subfield>
    <subfield code="c">30</subfield>
  </datafield>
  <datafield tag="440" ind1=" " ind2=" ">
    <subfield code="a">SODEP yay&#x131;nlar&#x131;</subfield>
  </datafield>
  <datafield tag="505" ind1=" " ind2=" ">
    <subfield code="a">Milletvekili se&#xE7;im kanunu (T.C. Resmi Gazete, kanun no. 2839, kabul tarihi 10/6/1983) - Siyasi partiler kanunu (T.C. Resmi Gazete, kanun no. 2820, kabul tarihi 22/4/1983) - T&#xFC;rkiye Cumhuriyet Anayasas&#x131; (T.C. Resmi Gazete, kanun no.2709, kabul tarihi 18/10/1982) -Sosyal Demokrasi Partisi t&#xFC;z&#xFC;k 1983 -- Sosyal Demokrasi Partisi program  1983 ve uygulama politikalar&#x131; - il ve il&#xE7;e y&#xF6;netim kurulu ba&#x15F;kanlar&#x131; listesi - SODEP kurucular kurulu il ba&#x15F;kanlar&#x131; - SODEP parti i&#xE7;i e&#x11F;itim, haftal&#x131;k gazete yay&#x131;n&#x131; olabilirlik raporu -Sa&#x11F;l&#x131;k sorunlar&#x131; komisyonu raporu / T&#xFC;rkan Akyol </subfield>
  </datafield>
  <datafield tag="610" ind1=" " ind2=" ">
    <subfield code="a">SODEP</subfield>
    <subfield code="x">Komisyon raporlar&#x131;</subfield>
  </datafield>
  <datafield tag="610" ind1=" " ind2=" ">
    <subfield code="a">SODEP</subfield>
    <subfield code="x">Programlar</subfield>
  </datafield>
  <datafield tag="610" ind1=" " ind2=" ">
    <subfield code="a">SODEP</subfield>
    <subfield code="x">Raporlar</subfield>
  </datafield>
  <datafield tag="610" ind1=" " ind2=" ">
    <subfield code="a">SODEP</subfield>
    <subfield code="x">T&#xFC;z&#xFC;k ve y&#xF6;netmelikler</subfield>
  </datafield>
  <datafield tag="710" ind1=" " ind2=" ">
    <subfield code="a">SODEP</subfield>
  </datafield>
  <datafield tag="942" ind1=" " ind2=" ">
    <subfield code="2">dcc</subfield>
    <subfield code="c">BKS</subfield>
  </datafield>
  <datafield tag="952" ind1=" " ind2=" ">
    <subfield code="a">0001</subfield>
    <subfield code="b">0001</subfield>
    <subfield code="d">2017-02-21</subfield>
    <subfield code="e">2</subfield>
    <subfield code="l">0</subfield>
    <subfield code="o">SODEP 324.172 S62 [1982-83]</subfield>
    <subfield code="p">016230</subfield>
    <subfield code="r">2017-02-21 00:00:00</subfield>
    <subfield code="v">0.00</subfield>
    <subfield code="w">2017-02-21</subfield>
    <subfield code="x"> Klas&#xF6;r</subfield>
    <subfield code="y">BKS</subfield>
  </datafield>
  <datafield tag="999" ind1=" " ind2=" ">
    <subfield code="c">8172</subfield>
    <subfield code="d">8172</subfield>
  </datafield>
</record>
